00371nam a2200145Ia 4500008004100000020001800041041000800059082002000067100005200087245003600139250000800175260002600183300000800209365000800217231011s9999 xx 000 0 und d a9781480000000 aeng a005.133/HAL/STA aHall, Timothy, 1968-; Stacey, J-P; SpringerLink aPython 3 for absolute beginners a1st aNew YorkbApessc2023 a295 b899